Globalization and Challenges for Development in Tanzania/ (Record no. 6765)

000 -LEADER
fixed length control field 00511nam a22001457a 4500
008 - FIXED-LENGTH DATA ELEMENTS--GENERAL INFORMATION
fixed length control field 200325b ||||| |||| 00| 0 eng d
020 ## - INTERNATIONAL STANDARD BOOK NUMBER
International Standard Book Number 9976 60 455 6
082 ## - DEWEY DECIMAL CLASSIFICATION NUMBER
Classification number 338.996 78 GLO
100 ## - MAIN ENTRY--PERSONAL NAME
Personal name Msambichaka, Lucian A. (Ed).-
245 ## - TITLE STATEMENT
Title Globalization and Challenges for Development in Tanzania/
Statement of responsibility, etc. Edited by Lucian A. Msambichaka, Natu E. Mwamba, Oswald J. Mashindano.-
Medium English.
260 ## - PUBLICATION, DISTRIBUTION, ETC. (IMPRINT)
Place of publication, distribution, etc. Dar Es Salaam:
Name of publisher, distributor, etc. DUP,
Date of publication, distribution, etc. 2006.
300 ## - PHYSICAL DESCRIPTION
Extent IV, 585P;
Other physical details ill;
Dimensions 23cm.-
650 ## - SUBJECT ADDED ENTRY--TOPICAL TERM
Source of heading or term GLOBALIZATION
942 ## - ADDED ENTRY ELEMENTS (KOHA)
Source of classification or shelving scheme
Koha item type BOOKS

No items available.

IRDP © 2019 :: Managed by IRDP ICT Unit